Statistiques concernant Les vins de Bourgogne

Cliquez ici pour prendre le quiz!

Statistiques générales

  • Ce quiz a été pris 126 fois
  • Le résultat moyen est 8 sur 20

Statistiques - réponses

QuestionRéponse% Correct
Ce cépage blanc bourguignon est l'un des plus répandus dans le monde.Chardonnay
87%
Cépage principal ou unique des vins rouges.Pinot noir
86%
Ce vignoble à dominante de vins blancs s'étend vers l'est à 20 km de la ville d'Auxerre.Chablis
73%
Nombre de départements couverts par le vignoble bourguignon.4
68%
Cette appellation grand cru de seulement 1 hectare fait partie des plus prestigieuses de la Bourgogne.Romanée-Conti
60%
Cet ancien hôpital des pauvres accueille aujourd'hui un musée. Il a été un lieu de tournage de La Grande Vadrouille.Hospices de Beaune
57%
Terme désignant une parcelle de vigne en Bourgogne, reconnue sous un nom spécifique.Climat
53%
Vignoble le plus méridional de la région de Bourgogne.Mâconnais
44%
Ce vignoble abrite les crus parmi les plus prestigieux de la Bourgogne, essentiellement des rouges.Côte-de-Nuits
38%
Ce prestigieux vin blanc est aussi le nom du narrateur dans l'Etranger d'Albert Camus.Meursault
38%
Citez l'une des 5 appellations Villages du Mâconnais.Pouilly-Fuissé | Pouilly-Loché | Pouilly-Vinzelles | Saint-Véran | Viré-Clessé
36%
Ce cépage blanc a donné son nom à un bourgogne blanc du Mâconnais.Aligoté
25%
Les moines de cette abbaye fondée en 910 furent d'éminents vignerons.Cluny
24%
Le vin de cette appellation est souvent présenté comme le plus féminin de la côte de Beaune.Volnay
24%
C'est le vin préféré de Napoléon.Chambertin
18%
La légende dit que ce roi fut soigné au vin de Bourgogne.Louis XIV
18%
C'est la seule appellation Villages qui autorise la production des trois couleurs de vins (rouge, rosé, blanc).Marsannay
18%
Cette mélodie populaire bourguignonne crée l'animation pendant les fêtes de la vigne et du vin.Ban bourguignon
13%
Cette eau-de-vie est obtenue à partir de la distillation de vin.Fine de Bourgogne
8%
Cet organisme défend et promeut le savoir-faire des vignerons et négociants bourguignons.BIVB
7%

Distribution des résultats

Percentile par nombre de réponses

% des personnes avec chaque résultat

Votre développement - résultats

Vous n’avez pas pris ce quiz